[Event "Staatsliga B"]
[Site "St. Valentin"]
[Date "2004.03.13"]
[Round "10.4"]
[White "Pesorda, Ivan"]
[Black "Titz, Heimo"]
[Result "1/2-1/2"]
[WhiteElo "2234"]
[BlackElo "2295"]
[PlyCount "129"]
[EventDate "2003.11.08"]

1. d4 Nf6 2. c4 e6 3. Nc3 Bb4 4. Qc2 O-O 5. Nf3 c5 6. dxc5 Na6 7. g3 Nxc5 8.
Bg2 Nce4 9. O-O Nxc3 10. bxc3 Be7 11. e4 d6 12. e5 dxe5 13. Nxe5 Qc7 14. Qe2
Bd7 15. Bf4 Qc8 16. Qf3 Bc6 17. Nxc6 bxc6 18. Rfd1 Qa6 19. Qxc6 Qxc6 20. Bxc6
Rac8 21. Bb5 Ne4 22. Rd7 Bc5 23. Be3 Bxe3 24. fxe3 a5 25. Rad1 Nxc3 26. R1d3
Nxa2 27. Ra3 Nb4 28. Rxa5 Nc6 29. Bxc6 Rxc6 30. c5 g6 31. g4 h6 32. h4 g5 33.
hxg5 hxg5 34. Kf2 Kg7 35. Kf3 Kg6 36. Ke4 f5+ 37. Ke5 fxg4 38. Rd6 Rf5+ 39.
Kxe6 Rfxc5 40. Rxc6 Rxa5 41. e4 Kh5 42. e5 Ra1 43. Kd7 g3 44. e6 g2 45. e7 Re1
46. Re6 Rxe6 47. Kxe6 g1=Q 48. e8=Q+ Kg4 49. Qb5 Qf2 50. Ke7 Kh4 51. Ke8 g4 52.
Qc6 Qe2+ 53. Kd8 Qd1+ 54. Ke8 Kh3 55. Qh6+ Kg2 56. Qc6+ Qf3 57. Qc2+ Kf1 58.
Kd8 g3 59. Qb1+ Kf2 60. Qb2+ Qe2 61. Qd4+ Kf1 62. Qf4+ Qf2 63. Qc1+ Kg2 64.
Qc6+ Kg1 65. Qc1+ 1/2-1/2

[Event "Staatsliga B"]
[Site "St. Valentin"]
[Date "2004.03.13"]
[Round "10.5"]
[White "Zaja, Ivan"]
[Black "Haba, Petr"]
[Result "1/2-1/2"]
[WhiteElo "2430"]
[BlackElo "2502"]
[PlyCount "52"]
[EventDate "2003.11.08"]

1. d4 d5 2. c4 c6 3. Nf3 Nf6 4. Nc3 dxc4 5. a4 Bf5 6. Nh4 e6 7. Nxf5 exf5 8. e3
Bb4 9. Bxc4 O-O 10. O-O Nbd7 11. Bd2 Qa5 12. Qc2 Rac8 13. Rad1 c5 14. Bb5 cxd4
15. exd4 a6 16. Bxd7 Nxd7 17. d5 g6 18. Bh6 Rfe8 19. d6 Bxc3 20. bxc3 Qxc3 21.
Qb1 b6 22. Rfe1 Qf6 23. Qc2 g5 24. Re7 Qxe7 25. Qxc8 Qxd6 26. Qc1 Nc5 1/2-1/2

[Event "Staatsliga B"]
[Site "St. Valentin"]
[Date "2004.03.13"]
[Round "10.5"]
[White "Kranzl, Peter"]
[Black "Stuhlik, Marko"]
[Result "1/2-1/2"]
[WhiteElo "2246"]
[BlackElo "2286"]
[PlyCount "28"]
[EventDate "2003.11.08"]

1. e4 d6 2. d4 Nf6 3. Nc3 c6 4. f4 Qa5 5. e5 Ne4 6. Qf3 Bf5 7. Bd3 Nxc3 8. Bd2
e6 9. Bxc3 Qd5 10. Qxd5 cxd5 11. Bxf5 exf5 12. O-O-O Nc6 13. Nf3 Be7 14. Be1
O-O-O 1/2-1/2

[Event "Staatsliga B"]
[Site "St. Valentin"]
[Date "2004.03.13"]
[Round "10.5"]
[White "Freimueller, Peter"]
[Black "Mitter, Gerd"]
[Result "1/2-1/2"]
[WhiteElo "2154"]
[BlackElo "2188"]
[PlyCount "128"]
[EventDate "2003.11.08"]

1. d4 Nf6 2. c4 g6 3. Nc3 d5 4. cxd5 Nxd5 5. e4 Nxc3 6. bxc3 Bg7 7. Bc4 c5 8.
Ne2 Nc6 9. Be3 O-O 10. O-O Qc7 11. Qc1 Rd8 12. Rd1 Na5 13. Bd3 b6 14. Qa3 c4
15. Bc2 Bb7 16. Ng3 Rd7 17. e5 e6 18. Be4 Bd5 19. Bxd5 exd5 20. f4 Re8 21. Qc1
f5 22. exf6 Bxf6 23. f5 Rde7 24. Bf4 Qc6 25. Qd2 Nb7 26. fxg6 hxg6 27. Bg5 Qe6
28. Bxf6 Qxf6 29. Rf1 Qh4 30. Rf4 Qh6 31. Qf2 Nd6 32. Rf1 Qg7 33. Qf3 Ne4 34.
Nxe4 dxe4 35. Qe2 b5 36. h4 e3 37. Rg4 Re4 38. Rff4 Rxf4 39. Rxf4 Qh6 40. g3
Qg7 41. Kf1 Qd7 42. Rg4 Qf5+ 43. Kg2 Kg7 44. Rf4 Qd3 45. Qg4 Re7 46. Qg5 Rd7
47. Qxb5 Rf7 48. Qe5+ Kf8 49. d5 Qd2+ 50. Kh3 Rxf4 51. Qxf4+ Kg7 52. Qe5+ Kh7
53. Qe7+ Kg8 54. d6 Qd3 55. Qe6+ Kg7 56. d7 e2 57. Qe7+ Kh6 58. Qg5+ Kg7 59.
d8=Q Qxd8 60. Qxd8 e1=Q 61. Qd4+ Kh7 62. Qxa7+ Kh6 63. Qd4 Qf1+ 64. Kh2 Qe2+
1/2-1/2

[Event "Staatsliga B"]
[Site "St. Valentin"]
[Date "2004.03.13"]
[Round "10.6"]
[White "Ruck, Robert"]
[Black "Pflug, Mathias"]
[Result "1-0"]
[WhiteElo "2550"]
[BlackElo "2236"]
[PlyCount "79"]
[EventDate "2003.11.08"]

1. Nf3 f5 2. g3 g6 3. Bg2 Bg7 4. d4 Nf6 5. c4 O-O 6. b3 d6 7. Bb2 Qe8 8. O-O
Na6 9. Nbd2 c6 10. Qc2 Rb8 11. Rac1 b5 12. a3 Bd7 13. b4 Nc7 14. cxb5 Rxb5 15.
Nb3 Ncd5 16. e3 Ne4 17. Nfd2 Nxd2 18. Qxd2 Qf7 19. Na5 Rc8 20. Rc2 Rb6 21. Rfc1
Bf8 22. Qd3 e6 23. Qd2 Qe8 24. h4 Rb5 25. e4 fxe4 26. Bxe4 Rb6 27. Qd3 Nf6 28.
Bg2 Nd5 29. Be4 Nf6 30. Bf3 e5 31. dxe5 dxe5 32. Re2 Rb5 33. Nc4 Bf5 34. Qc3 c5
35. Qxe5 Qxe5 36. Rxe5 a6 37. Rxf5 gxf5 38. Bxf6 cxb4 39. a4 Rbc5 40. Bd4 1-0

[Event "Staatsliga B"]
[Site "St. Valentin"]
[Date "2004.03.13"]
[Round "10.6"]
[White "Hellmayr, Alois"]
[Black "Ribli, Zoltan"]
[Result "0-1"]
[WhiteElo "2256"]
[BlackElo "2593"]
[PlyCount "65"]
[EventDate "2003.11.08"]

1. Nf3 Nf6 2. b3 c5 3. Bb2 e6 4. e3 Be7 5. c4 Nc6 6. Be2 O-O 7. O-O d5 8. cxd5
exd5 9. d4 Be6 10. Nc3 Rc8 11. dxc5 Bxc5 12. Nb5 Qe7 13. Rc1 Ne4 14. Nbd4 Rfd8
15. Nxc6 bxc6 16. Nd4 Bd7 17. Ba6 Rb8 18. Rc2 Rb6 19. Bd3 Bd6 20. Qf3 Qg5 21.
Qe2 Re8 22. f4 Qe7 23. Bc1 c5 24. Nb5 Bb8 25. Na3 Bf5 26. Qd1 Rh6 27. g4 Bxg4
28. Qe1 Bh3 29. Rf3 Rg6+ 30. Kh1 Bg4 31. Rf1 Bf5 32. Qd1 Qh4 33. Rg1 0-1

[Event "Staatsliga B"]
[Site "St. Valentin"]
[Date "2004.03.13"]
[Round "10.6"]
[White "Stohl, Igor"]
[Black "Hiermann, Dietmar"]
[Result "1-0"]
[WhiteElo "2556"]
[BlackElo "2256"]
[PlyCount "131"]
[EventDate "2003.11.08"]

1. c4 b6 2. d4 Bb7 3. d5 e5 4. a3 Nf6 5. Nc3 d6 6. e4 Nbd7 7. Bd3 Be7 8. Nf3 h6
9. g3 a5 10. Nh4 Ng8 11. Nf5 g6 12. Nxe7 Nxe7 13. Be3 Bc8 14. Qd2 Nc5 15. Bc2
Bg4 16. f4 exf4 17. Bd4 Rh7 18. Qxf4 Qc8 19. Nb5 Bd7 20. Nc3 Qa6 21. Qf1 f5 22.
e5 dxe5 23. Bxe5 c6 24. d6 Ng8 25. O-O-O O-O-O 26. Na4 Nxa4 27. Bxa4 Rf7 28. c5
Qxf1 29. Rhxf1 Nf6 30. cxb6 Kb7 31. Bb3 Rff8 32. Bd4 c5 33. Bxc5 Rc8 34. Bd5+
Bc6 35. d7 Nxd5 36. dxc8=Q+ Rxc8 37. Kb1 Bb5 38. Rxf5 gxf5 39. Rxd5 Bc4 40. Re5
Bb3 41. Re7+ Kc6 42. Be3 a4 43. Rh7 Bd5 44. Kc1 Be4 45. Rxh6+ Kb5+ 46. Kd1 Bf3+
47. Kd2 Be4 48. Bd4 Kc4 49. Rh8 Rxh8 50. Bxh8 Kc5 51. Kc3 Kxb6 52. b4 axb3 53.
Kxb3 Kb5 54. a4+ Kc5 55. Kc3 Bf3 56. Bd4+ Kd5 57. Kd3 Bg2 58. h4 Bf1+ 59. Ke3
Ke6 60. h5 Kf7 61. Kf4 Bd3 62. Kg5 Kg8 63. a5 Kh7 64. h6 Kg8 65. a6 f4 66. a7
1-0

[Event "Staatsliga B"]
[Site "St. Valentin"]
[Date "2004.03.13"]
[Round "10.6"]
[White "Testor, Sebastian"]
[Black "Bawart, Markus"]
[Result "0-1"]
[WhiteElo "2158"]
[BlackElo "2346"]
[PlyCount "205"]
[EventDate "2003.11.08"]

1. e4 e5 2. Nf3 Nf6 3. Nxe5 d6 4. Nf3 Nxe4 5. Nc3 Nxc3 6. dxc3 Be7 7. Bf4 O-O
8. Qd2 Qe8 9. O-O-O Qa4 10. Kb1 Be6 11. b3 Qa5 12. Nd4 Nc6 13. Qe3 Rae8 14.
Nxe6 fxe6 15. Qg3 Qh5 16. Bd3 Bh4 17. Qe3 Bxf2 18. Qxf2 e5 19. g3 exf4 20. gxf4
Ne5 21. Rhg1 Nf3 22. Be2 Rxf4 23. Qg3 Rf7 24. Bc4 Nxg1 25. Qxg1 Ree7 26. Rd2 b6
27. Qg2 g6 28. Rf2 Kg7 29. Rxf7+ Rxf7 30. Bxf7 Kxf7 31. Qc6 Qc5 32. Qd7+ Kg8
33. Qe8+ Kg7 34. Qd7+ Kh6 35. Qh3+ Qh5 36. Qe3+ Qg5 37. Qh3+ Qh5 38. Qe3+ g5
39. Qe6+ Qg6 40. Qe7 Qg7 41. Qe6+ Kh5 42. Kb2 a5 43. a4 g4 44. Qf5+ Kh4 45. Qf4
Qe5 46. Qh6+ Qh5 47. Qe3 Qg5 48. Qg3+ Kh5 49. h3 gxh3 50. Qxh3+ Kg6 51. Qd7 Qe5
52. Qxc7 h5 53. Qxb6 h4 54. Qd8 h3 55. Qg8+ Kh5 56. Qh7+ Kg4 57. Qg6+ Kf3 58.
Qd3+ Kg2 59. Qd2+ Kg3 60. Qd3+ Kh4 61. Qh7+ Kg4 62. Qg6+ Kf4 63. Qh6+ Kg3 64.
Qg6+ Kf2 65. Qf7+ Ke1 66. Qf3 h2 67. Qg2 Qh5 68. Qe4+ Kf2 69. Qf4+ Kg2 70. Qd2+
Kh3 71. Qe3+ Kg4 72. Qd4+ Kg5 73. Qd5+ Kh4 74. Qe4+ Qg4 75. Qh7+ Kg3 76. Qd3+
Qf3 77. Qxd6+ Kg2 78. Qd2+ Qf2 79. Qg5+ Kf1 80. Qh5 Ke1 81. Qe5+ Qe2 82. Qd5
Kf2 83. Qd4+ Qe3 84. Qh4+ Kg1 85. Qg4+ Kf1 86. Qd1+ Kf2 87. Qh1 Qg3 88. Qe4 Qf3
89. Qh4+ Kg2 90. Qg5+ Kf1 91. Qb5+ Kf2 92. Qc5+ Kg2 93. Qg5+ Kh3 94. Qh6+ Kg3
95. Qg5+ Qg4 96. Qe3+ Kg2 97. Qd2+ Kg3 98. Qe3+ Qf3 99. Qg5+ Kf2 100. Qc5+ Qe3
101. Qf5+ Ke1 102. Qh5 Qf4 103. Qd5 {Zeit} 0-1

[Event "Staatsliga B"]
[Site "St. Valentin"]
[Date "2004.03.14"]
[Round "11.1"]
[White "Timoscenko, Genadij"]
[Black "Pavasovic, Dusko"]
[Result "1/2-1/2"]
[WhiteElo "2530"]
[BlackElo "2596"]
[PlyCount "80"]
[EventDate "2003.11.08"]

1. d4 d5 2. c4 e6 3. Nc3 c6 4. e3 Nf6 5. Nf3 Nbd7 6. Qc2 Bd6 7. Bd3 O-O 8. O-O
dxc4 9. Bxc4 b5 10. Be2 Bb7 11. Rd1 Qc7 12. Bd2 Rfe8 13. Rac1 a6 14. b4 e5 15.
h3 h6 16. a3 exd4 17. exd4 Nb6 18. Bd3 Rad8 19. Re1 Bc8 20. Rxe8+ Rxe8 21. Re1
Rxe1+ 22. Bxe1 Be6 23. Nd2 Qe7 24. Kf1 Qd7 25. Nce4 Be7 26. Nc5 Qxd4 27. Nxa6
Nbd5 28. Nc5 Bxc5 29. Nf3 Qa1 30. Qxc5 Qxa3 31. Bc2 Qa1 32. Qd6 g5 33. Qc5 Qb2
34. Qxc6 Nxb4 35. Qxb5 Nfd5 36. Be4 Qa1 37. Qb8+ Kg7 38. Qe5+ Qxe5 39. Nxe5 Nf4
40. Bc3 Nbd5 1/2-1/2

[Event "Staatsliga B"]
[Site "St. Valentin"]
[Date "2004.03.14"]
[Round "11.1"]
[White "Buhmann, Rainer"]
[Black "Uhlmann, Wolfgang"]
[Result "1-0"]
[WhiteElo "2527"]
[BlackElo "2451"]
[PlyCount "59"]
[EventDate "2003.11.08"]

1. Nf3 Nf6 2. c4 g6 3. Nc3 c5 4. g3 d6 5. Bg2 Nc6 6. a3 Bg7 7. Rb1 a5 8. O-O e5
9. d3 h6 10. Ne1 O-O 11. Nc2 Be6 12. Ne3 Rb8 13. Bd2 Kh7 14. Ncd5 Nd4 15. b4
axb4 16. axb4 Nxd5 17. cxd5 Bd7 18. Nc4 b5 19. Na5 Bg4 20. f3 Bd7 21. g4 c4 22.
dxc4 bxc4 23. e3 Nb5 24. Nxc4 e4 25. fxe4 Qg5 26. Rf4 Be5 27. Qf3 Bxf4 28. exf4
Qxg4 29. Qd3 Rbc8 30. Nb6 1-0

[Event "Staatsliga B"]
[Site "St. Valentin"]
[Date "2004.03.14"]
[Round "11.1"]
[White "Baumgartner, Heinz"]
[Black "Tratar, Marko"]
[Result "0-1"]
[WhiteElo "2347"]
[BlackElo "2455"]
[PlyCount "116"]
[EventDate "2003.11.08"]

1. Nf3 d6 2. d4 Nf6 3. g3 g6 4. Bg2 Bg7 5. O-O O-O 6. c4 c6 7. Nc3 Bf5 8. Re1
Ne4 9. Qb3 Qb6 10. Nh4 Qxb3 11. axb3 Nxc3 12. Nxf5 gxf5 13. bxc3 Rd8 14. Bg5
Re8 15. b4 e6 16. e4 fxe4 17. Bxe4 Nd7 18. Be3 d5 19. Bd3 dxc4 20. Bxc4 Nb6 21.
Bb3 Nd5 22. Bd2 a6 23. Re2 Rad8 24. Rae1 Nc7 25. f4 Kf8 26. Bc2 f5 27. g4 Rd5
28. Kg2 fxg4 29. Bxh7 Kf7 30. Bc2 Rh5 31. Kg1 Bf6 32. Rg2 Rg8 33. Bd1 Rh4 34.
Rf1 Nd5 35. Rg3 Ne7 36. Re1 Nf5 37. Bb3 Re8 38. Rg2 Rh3 39. Rxg4 Nxd4 40. Bd1
Nf3+ 41. Bxf3 Rxf3 42. Rg3 Rxg3+ 43. hxg3 Rd8 44. Re2 Rd3 45. Kg2 Bxc3 46. Bxc3
Rxc3 47. Rd2 Ke7 48. Kh3 Rc4 49. Rb2 Kf6 50. Kg4 b5 51. Kh5 c5 52. g4 cxb4 53.
Kh6 Rxf4 54. g5+ Kf5 55. Rh2 a5 56. g6 Rg4 57. g7 b3 58. Rf2+ Ke5 0-1

[Event "Staatsliga B"]
[Site "St. Valentin"]
[Date "2004.03.14"]
[Round "11.1"]
[White "Ragger, Markus"]
[Black "Rolletschek, Heinrich"]
[Result "1-0"]
[WhiteElo "2347"]
[BlackElo "2309"]
[PlyCount "60"]
[EventDate "2003.11.08"]

1. e4 e5 2. Nf3 Nc6 3. d4 exd4 4. Nxd4 Nf6 5. Nxc6 bxc6 6. e5 Nd5 7. c4 Bb4+ 8.
Bd2 Bxd2+ 9. Qxd2 Ne7 10. Nc3 Ng6 11. O-O-O O-O 12. f4 Qe7 13. h4 Nxh4 14. Bd3
Ng6 15. f5 Nxe5 16. f6 Qxf6 17. Bxh7+ Kh8 18. Ne4 Qe7 19. Qe3 g5 20. Bf5+ Kg8
21. Rh8+ Kg7 22. Rh7+ Kg8 23. Rdh1 Ng6 24. Bxg6 Qe5 25. Rh8+ Kg7 26. R1h7+ Kxg6
27. Rh6+ Kg7 28. R8h7+ Kg8 29. Nf6+ Qxf6 30. Rxf6 Kxh7 1-0

[Event "Staatsliga B"]
[Site "St. Valentin"]
[Date "2004.03.14"]
[Round "11.1"]
[White "Woeber, Friedrich"]
[Black "Reschun, Sascha"]
[Result "1/2-1/2"]
[WhiteElo "2197"]
[BlackElo "2259"]
[PlyCount "41"]
[EventDate "2003.11.08"]

1. e4 e6 2. d4 d5 3. Nc3 Nf6 4. Bg5 Be7 5. e5 Nfd7 6. h4 Bxg5 7. hxg5 Qxg5 8.
Qd3 g6 9. Nf3 Qe7 10. O-O-O a6 11. Qe3 b6 12. Ng5 Nf8 13. Be2 h6 14. Rh3 Nbd7
15. Nf3 Bb7 16. Rxh6 Rxh6 17. Qxh6 O-O-O 18. Qf4 c5 19. Ng5 cxd4 20. Rxd4 Nxe5
21. Qxe5 1/2-1/2

[Event "Staatsliga B"]
[Site "St. Valentin"]
[Date "2004.03.14"]
[Round "11.2"]
[White "Mazi, Leon"]
[Black "Tompa, Janos"]
[Result "0-1"]
[WhiteElo "2402"]
[BlackElo "2397"]
[PlyCount "100"]
[EventDate "2003.11.08"]

1. e4 c5 2. Nf3 e6 3. d4 cxd4 4. Nxd4 a6 5. Nc3 Qc7 6. g3 Bb4 7. Bd2 Nf6 8. Bg2
Be7 9. O-O Nc6 10. Nxc6 bxc6 11. Re1 d5 12. Bf4 Qd8 13. exd5 cxd5 14. Na4 Bb7
15. c4 Qa5 16. a3 O-O 17. b4 Qd8 18. c5 Nd7 19. Rc1 Bc6 20. Nc3 Bg5 21. Qd2
Bxf4 22. Qxf4 a5 23. Qd4 axb4 24. axb4 Rb8 25. Rb1 Qc7 26. Rec1 Ba8 27. Ne2 Bc6
28. Qd2 Bb5 29. Nd4 Bc4 30. Bf1 Bxf1 31. Kxf1 Ne5 32. Qf4 Rfc8 33. b5 Nc4 34.
Qxc7 Rxc7 35. Nc6 Rbb7 36. Rxc4 dxc4 37. Na5 Rb8 38. c6 c3 39. b6 c2 40. Rc1
Rxb6 41. Rxc2 Kf8 42. Ke2 Ke7 43. Kd3 Rb5 44. Nb7 Rb3+ 45. Kd4 Rb4+ 46. Kd3 e5
47. Rc5 f6 48. Kc3 Rbxb7 49. cxb7 Rxc5+ 50. Kb4 Rc1 0-1

[Event "Staatsliga B"]
[Site "St. Valentin"]
[Date "2004.03.14"]
[Round "11.2"]
[White "Heimberger, Reinhard"]
[Black "Ceschia, Ivano"]
[Result "1/2-1/2"]
[WhiteElo "2301"]
[BlackElo "2376"]
[PlyCount "79"]
[EventDate "2003.11.08"]

1. c4 Nf6 2. Nc3 g6 3. g3 Bg7 4. Bg2 d6 5. d4 O-O 6. Nf3 Nbd7 7. O-O e5 8. d5
a5 9. e4 Nc5 10. Ne1 Ne8 11. Nd3 f5 12. Nxc5 dxc5 13. Be3 Qd6 14. Nb5 Qe7 15.
Qd2 fxe4 16. Bg5 Bf6 17. Bxf6 Rxf6 18. Rae1 Nd6 19. Qe2 Bf5 20. Nc3 e3 21. f3
Re8 22. Nd1 Bd7 23. Nxe3 Rf7 24. Qd2 b6 25. Qc3 h5 26. Rf2 h4 27. Rfe2 hxg3 28.
hxg3 Qg5 29. Nf1 Rfe7 30. Rxe5 Rxe5 31. f4 Rxe1 32. fxg5 R1e5 33. b3 Nf5 34.
Qf3 R5e7 35. g4 Nd4 36. Qf6 Rg7 37. d6 c6 38. Ng3 Bxg4 39. Qf1 Bf5 40. Bh3
1/2-1/2

[Event "Staatsliga B"]
[Site "St. Valentin"]
[Date "2004.03.14"]
[Round "11.2"]
[White "Hebesberger, Thomas"]
[Black "Sandhoefner, Florian"]
[Result "1-0"]
[WhiteElo "2322"]
[BlackElo "2247"]
[PlyCount "62"]
[EventDate "2003.11.08"]

1. c4 c6 2. e4 d5 3. exd5 cxd5 4. cxd5 Nf6 5. Nc3 Nxd5 6. Bc4 e6 7. Nf3 Be7 8.
O-O O-O 9. d4 Nc6 10. Re1 Nxc3 11. bxc3 b6 12. Qe2 Bb7 13. Bd3 Bf6 14. Qe4 g6
15. Bh6 Bg7 16. Bxg7 Kxg7 17. Qg4 Rc8 18. Ng5 Qd7 19. Re3 Na5 20. Rae1 Bd5 21.
Rh3 Rh8 22. Qh4 h6 23. Ne4 Qd8 24. Qf4 Bxa2 25. Rf3 Rf8 26. Nf6 Qc7 27. Nh5+
Kh7 28. Nf6+ Kg7 29. Nh5+ Kh7 30. Qf6 Rg8 31. Rh3 Qd8 1-0

[Event "Staatsliga B"]
[Site "St. Valentin"]
[Date "2004.03.14"]
[Round "11.2"]
[White "Tober, Gerhard"]
[Black "Smole, Albert"]
[Result "1-0"]
[WhiteElo "2278"]
[BlackElo "2173"]
[PlyCount "57"]
[EventDate "2003.11.08"]

1. e4 e5 2. Nf3 Nf6 3. Nxe5 d6 4. Nf3 Nxe4 5. Nc3 Nf6 6. d4 c6 7. Bd3 Be7 8. h3
Nbd7 9. O-O O-O 10. Ne2 Re8 11. Ng3 Nf8 12. Re1 Ng6 13. c3 Bd7 14. Nf5 Bxf5 15.
Bxf5 Qa5 16. Qc2 Bf8 17. Bg5 Rxe1+ 18. Rxe1 Qxa2 19. h4 Qa5 20. Bxf6 gxf6 21.
h5 Ne7 22. Bxh7+ Kh8 23. g4 Qc7 24. Bd3 Bh6 25. Qe2 Ng8 26. Qe4 Kg7 27. Qh7+
Kf8 28. Nh4 d5 29. Ng6+ 1-0

[Event "Staatsliga B"]
[Site "St. Valentin"]
[Date "2004.03.14"]
[Round "11.2"]
[White "Eichhorn, Alfred"]
[Black "Petroczi, Thomas"]
[Result "0-1"]
[WhiteElo "2102"]
[BlackElo "2164"]
[PlyCount "104"]
[EventDate "2003.11.08"]

1. e4 c6 2. d4 d5 3. Nc3 dxe4 4. Nxe4 Bf5 5. Ng3 Bg6 6. N1e2 e6 7. h4 h6 8. Nf4
Bh7 9. Bd3 Bxd3 10. Qxd3 Nf6 11. Bd2 Qc7 12. O-O-O Nbd7 13. Qe2 O-O-O 14. Rh3
Nb6 15. c3 c5 16. dxc5 Bxc5 17. Nd3 Bd6 18. Ne4 Nxe4 19. Qxe4 Qc4 20. Qxc4+
Nxc4 21. Kc2 Nxd2 22. Rxd2 g6 23. Re2 Kd7 24. Ne5+ Bxe5 25. Rxe5 Ke7 26. Rhe3
Rd7 27. g4 Rhd8 28. Re2 Rd5 29. R5e4 R8d6 30. f3 Rd1 31. f4 Rh1 32. f5 Rxh4 33.
fxg6 fxg6 34. Rf4 g5 35. Rc4 h5 36. Rc7+ Rd7 37. Rxd7+ Kxd7 38. gxh5 Rxh5 39.
Kd3 Kd6 40. c4 Rh3+ 41. Ke4 Rh4+ 42. Kd3 e5 43. b4 Rd4+ 44. Kc3 Ke6 45. a4 g4
46. a5 Kf5 47. b5 g3 48. c5 Ke6 49. Rg2 Rg4 50. a6 bxa6 51. b6 axb6 52. cxb6
Kd7 0-1

[Event "Staatsliga B"]
[Site "St. Valentin"]
[Date "2004.03.14"]
[Round "11.3"]
[White "Mohr, Georg"]
[Black "Horvath, Peter"]
[Result "0-1"]
[WhiteElo "2474"]
[BlackElo "2463"]
[PlyCount "88"]
[EventDate "2003.11.08"]

1. c4 e6 2. Nf3 d5 3. g3 Nf6 4. Bg2 Be7 5. O-O O-O 6. b3 c5 7. e3 Nc6 8. Bb2 d4
9. exd4 cxd4 10. Re1 Ne8 11. d3 f6 12. Na3 e5 13. Nc2 Nc7 14. Qd2 a5 15. Re2
Bf5 16. Nh4 Bg4 17. f3 Bh5 18. g4 Bf7 19. f4 Ne6 20. Bxc6 bxc6 21. Nf5 Bd6 22.
Nxd6 Qxd6 23. fxe5 fxe5 24. Rae1 Nf4 25. Rxe5 Bg6 26. Ba3 Qd7 27. Qd1 Nh3+ 28.
Kg2 Nf2 29. Re7 Qc8 30. Qe2 Nxd3 31. Rf1 Nf4+ 32. Rxf4 Rxf4 33. h3 Bxc2 34.
Qxc2 c5 35. Qe2 Qc6+ 36. Kg3 Raf8 37. Re6 Qf3+ 38. Qxf3 Rxf3+ 39. Kh4 Rd8 40.
Bxc5 d3 41. Re1 d2 42. Rd1 Rdd3 43. Bb6 Rxh3+ 44. Kg5 Rdf3 0-1

[Event "Staatsliga B"]
[Site "St. Valentin"]
[Date "2004.03.14"]
[Round "11.3"]
[White "Manca, Federico"]
[Black "Butunoi, Alexandru"]
[Result "1/2-1/2"]
[WhiteElo "2358"]
[BlackElo "2412"]
[PlyCount "23"]
[EventDate "2003.11.08"]

1. e4 c5 2. c3 Nf6 3. e5 Nd5 4. d4 cxd4 5. Nf3 Nc6 6. Bc4 Nb6 7. Bb3 e6 8. cxd4
d6 9. exd6 Bxd6 10. Nc3 O-O 11. O-O Nd7 12. Qd3 1/2-1/2

[Event "Staatsliga B"]
[Site "St. Valentin"]
[Date "2004.03.14"]
[Round "11.3"]
[White "Supancic, Darko"]
[Black "Benda, Herbert"]
[Result "1/2-1/2"]
[WhiteElo "2377"]
[BlackElo "2260"]
[PlyCount "122"]
[EventDate "2003.11.08"]

1. d4 g6 2. g3 Bg7 3. Bg2 d5 4. Nf3 Nf6 5. c4 dxc4 6. Qa4+ c6 7. Qxc4 O-O 8.
O-O Nbd7 9. Nbd2 Nb6 10. Qc2 Bg4 11. h3 Bxf3 12. Nxf3 Nfd7 13. Rd1 Qc8 14. e4
e5 15. Be3 Re8 16. Rac1 exd4 17. Nxd4 Nf8 18. a4 Nbd7 19. b4 a6 20. f4 Nf6 21.
Bf2 Ne6 22. e5 Nxd4 23. Rxd4 Nd7 24. b5 axb5 25. axb5 Nb8 26. Qb3 Rd8 27. Rxd8+
Qxd8 28. bxc6 bxc6 29. Qb7 Ra2 30. Rb1 Na6 31. Qxc6 Rxf2 32. Kxf2 Qd4+ 33. Ke2
Nc5 34. Qd5 Qc3 35. Rb8+ Bf8 36. Kf2 Kg7 37. Qf3 Qc1 38. Bf1 Ne6 39. Kg2 Nd4
40. Qe4 Nf5 41. Rb3 Bc5 42. Rd3 Ne3+ 43. Rxe3 Qxe3 44. Qxe3 Bxe3 45. Kf3 Bd2
46. Bc4 h5 47. Ke4 Be1 48. g4 hxg4 49. hxg4 Bc3 50. Kd5 Bb2 51. Kd6 Bc1 52. f5
gxf5 53. gxf5 Bf4 54. f6+ Kf8 55. Kd5 Bc1 56. Ke4 Bb2 57. Kf5 Bc3 58. Bxf7 Kxf7
59. e6+ Ke8 60. Kg6 Bxf6 61. Kxf6 Kf8 1/2-1/2

[Event "Staatsliga B"]
[Site "St. Valentin"]
[Date "2004.03.14"]
[Round "11.3"]
[White "Sandner, Wolfgang"]
[Black "Krebs, Johann"]
[Result "1/2-1/2"]
[WhiteElo "2245"]
[BlackElo "2304"]
[PlyCount "111"]
[EventDate "2003.11.08"]

1. e4 c5 2. Nf3 e6 3. d3 Nc6 4. g3 g6 5. Bg2 Bg7 6. O-O Nge7 7. Re1 d6 8. c3
O-O 9. a4 a6 10. Be3 Rb8 11. Qd2 Re8 12. Bg5 b5 13. axb5 axb5 14. Qf4 Ne5 15.
Rd1 Nxf3+ 16. Qxf3 Qc7 17. Bf6 Nc6 18. Bxg7 Kxg7 19. Qe3 e5 20. Nd2 Be6 21. f4
f6 22. Nf3 Bg4 23. Rf1 Ra8 24. fxe5 fxe5 25. Qg5 Rxa1 26. Rxa1 Bxf3 27. Bxf3
Qe7 28. Qxe7+ Rxe7 29. Ra6 Rc7 30. Bd1 Kf6 31. Bb3 Ke7 32. Bd5 Kd7 33. Ra8 Ne7
34. Bf7 Rc8 35. Ra7+ Rc7 36. Be8+ Kc8 37. Rxc7+ Kxc7 38. Bxb5 Ng8 39. Kg2 Nf6
40. Kf3 g5 41. h3 Kb6 42. Bc4 Ka5 43. b3 h6 44. g4 Nh7 45. Be6 Nf6 46. Ke3 Kb5
47. Kd2 Ka5 48. Kc2 Kb5 49. Kb2 Ka5 50. Ka3 h5 51. b4+ Kb5 52. Kb3 h4 53. Bf5
cxb4 54. cxb4 d5 55. Kc3 Kc6 56. Kb3 1/2-1/2

[Event "Staatsliga B"]
[Site "St. Valentin"]
[Date "2004.03.14"]
[Round "11.3"]
[White "Schnider, Gert"]
[Black "Kreisl, Robert"]
[Result "1-0"]
[WhiteElo "2213"]
[BlackElo "2154"]
[PlyCount "143"]
[EventDate "2003.11.08"]

1. d4 d6 2. e4 Nf6 3. Nc3 g6 4. Nf3 Bg7 5. h3 O-O 6. Be3 c6 7. a4 Qa5 8. Bd3 d5
9. e5 Ne4 10. Bxe4 dxe4 11. Nd2 c5 12. Nb3 Qb4 13. Nxc5 f5 14. Qd2 Nc6 15. Nd5
Qxd2+ 16. Kxd2 Rd8 17. Nc7 Nxd4 18. Nxa8 Nb3+ 19. Ke2 Nxa1 20. Rxa1 b6 21. Nxb6
axb6 22. Nb3 Ba6+ 23. Ke1 Bxe5 24. c3 Rb8 25. Nd4 Bd6 26. Nc6 Rb7 27. Bd4 Bd3
28. b4 Kf8 29. a5 bxa5 30. Rxa5 Ke8 31. g3 Kd7 32. Ne5+ Bxe5 33. Bxe5 Rb6 34.
Kd2 Ra6 35. Rxa6 Bxa6 36. Ke3 Bf1 37. h4 Kc6 38. Kd4 Kb5 39. Bg7 Be2 40. Bf8 e6
41. Bc5 Bf1 42. Ke5 Bh3 43. Kxe6 Kc4 44. Ke5 Bf1 45. Bd4 Be2 46. Kf6 Bg4 47.
Kg7 h5 48. Kxg6 Kb5 49. Kf6 Bh3 50. Ke5 Kc4 51. Kd6 Kb5 52. Be3 Bf1 53. Bd2 Be2
54. Kd5 Bf1 55. c4+ Bxc4+ 56. Ke5 Bd3 57. Kf4 Kc4 58. Kg5 Be2 59. Kxf5 Kd5 60.
Be3 Bg4+ 61. Kg5 Kc4 62. Bc5 Kd5 63. Kf4 Be2 64. Be3 Bb5 65. g4 hxg4 66. Kxg4
Ke6 67. Kg5 Kf7 68. Kf5 Bd3 69. h5 Kg7 70. Ke5 Kh7 71. Kd5 Kg7 72. Kc5 1-0

[Event "Staatsliga B"]
[Site "St. Valentin"]
[Date "2004.03.14"]
[Round "11.3"]
[White "Dietmayer-Kraeutler, Marco"]
[Black "Pesorda, Ivan"]
[Result "1-0"]
[WhiteElo "2137"]
[BlackElo "2234"]
[PlyCount "79"]
[EventDate "2003.11.08"]

1. d4 Nf6 2. Nf3 c5 3. c3 e6 4. Bg5 Qb6 5. Qb3 Nc6 6. Bxf6 gxf6 7. e3 d5 8.
dxc5 Qxc5 9. Nbd2 a6 10. Qc2 Bd7 11. e4 Rc8 12. exd5 Qxd5 13. Bc4 Qc5 14. O-O
Be7 15. Rfe1 f5 16. Rad1 b5 17. Bb3 O-O 18. Nf1 Rfd8 19. Ng3 Be8 20. Re2 b4 21.
Rde1 bxc3 22. bxc3 Bd7 23. Qc1 Bf6 24. Qh6 Bg7 25. Qh5 h6 26. Ne4 Qe7 27. Ng3
Qf6 28. Qh3 Qg6 29. Nh4 Qg4 30. Qxg4 fxg4 31. Re4 Bxc3 32. Rxg4+ Kf8 33. Re3
Bd4 34. Rf3 Bb2 35. h3 Nd4 36. Re3 Nxb3 37. Rxb3 Rb8 38. Rgb4 Be5 39. Nf1 Bc6
40. Rxb8 {Zeit} 1-0

[Event "Staatsliga B"]
[Site "St. Valentin"]
[Date "2004.03.14"]
[Round "11.4"]
[White "Stoll, Thomas"]
[Black "Horvath, Csaba"]
[Result "0-1"]
[WhiteElo "2231"]
[BlackElo "2513"]
[PlyCount "70"]
[EventDate "2003.11.08"]

1. d4 Nf6 2. Nf3 e6 3. Bg5 h6 4. Bxf6 Qxf6 5. e4 d6 6. Nc3 g6 7. Bc4 Bg7 8. O-O
O-O 9. Re1 Qe7 10. a4 a6 11. Qe2 b6 12. Qe3 Nd7 13. Rad1 Bb7 14. Bf1 Rad8 15.
Ne2 Rfe8 16. c3 Qf8 17. Nf4 c5 18. Qc1 cxd4 19. cxd4 Rc8 20. Qd2 Nf6 21. Bd3 e5
22. dxe5 dxe5 23. Nd5 Nxd5 24. exd5 Qd6 25. Bb1 f5 26. Ba2 Kh8 27. Rc1 Rcd8 28.
Red1 Re7 29. h4 Red7 30. Qc2 Qf6 31. g3 e4 32. Nd4 Bxd5 33. Bxd5 Rxd5 34. Nc6
Rxd1+ 35. Rxd1 Rxd1+ 0-1